[Event "New York op"]
[Site "New York"]
[Date "1990.??.??"]
[Round "8"]
[White "Ehlvest, Jaan"]
[Black "Ivanov, Igor V"]
[Result "1/2-1/2"]
[WhiteElo "2620"]
[BlackElo "2495"]

1.e4 c5 2.Nf3 d6 3.d4 cxd4 4.Nxd4 Nf6 5.Nc3 Nc6 6.Bc4 e6 7.Be3 Be7 8.Qe2 Na5
9.Bd3 e5 10.Bb5+ Kf8 11.Nb3 a6 12.Bd3 Be6 13.O-O Rc8 14.Nxa5 Qxa5 15.Bd2 Qc7
16.a4 g6 17.Bh6+ Kg8 18.a5 Qd8 19.Rfd1 Ng4 20.Bd2 Bg5 21.f3 Bxd2 22.Qxd2 Nf6
23.Bf1 Rc6 24.Na2 Bxa2 25.Rxa2 Kg7 26.c4 Qc7 27.b4 Rd8 28.Qf2 Qe7 29.Rad2 Rcc8
30.Qb6 Rc6 31.Qa7 Rcc8 32.Qb6 Rc6 33.Qa7 Rd7 34.b5 Rc5 35.Qb6 axb5 36.cxb5 d5
37.a6 bxa6 38.bxa6 d4 39.Ra2 Ra7 40.Ra5 Rcc7 41.Qb2 Rc3 42.Qb8  1/2-1/2

[Event "New York op"]
[Site "New York"]
[Date "1990.??.??"]
[Round "9"]
[White "Ivanov, Igor V"]
[Black "Lerner, Konstantin Z"]
[Result "1/2-1/2"]
[WhiteElo "2495"]
[BlackElo "2560"]

1.Nf3 Nf6 2.c4 c5 3.g3 g6 4.Bg2 Bg7 5.O-O Nc6 6.d4 cxd4 7.Nxd4 O-O 8.Nc3 Nxd4
9.Qxd4 d6 10.b3 d5 11.cxd5 Nxd5 12.Qxd5 Bxc3 13.Bh6 Qxd5 14.Bxd5 Rd8 15.Rad1 Bg4
16.Bf3 Bxf3 17.exf3 b5 18.Rxd8+ Rxd8 19.Rc1 Bd2 20.Rd1 Ba5 21.Rc1 Bd2 22.Rd1 Ba5  1/2-1/2

[Event "World op"]
[Site "Philadelphia"]
[Date "1990.??.??"]
[Round "1"]
[White "Ivanov, Igor V"]
[Black "Mengarini, Ariel"]
[Result "1-0"]
[WhiteElo "2495"]
[BlackElo "2230"]

1.Nf3 f5 2.c4 Nf6 3.d4 g6 4.Nc3 Bg7 5.g3 O-O 6.Bg2 d6 7.d5 h6 8.O-O e5 9.dxe6 Nc6
10.Qb3 Bxe6 11.Qxb7 Na5 12.Qa6 c5 13.Rd1 Nxc4 14.Nh4 g5 15.Nxf5 Rb8 16.Nxg7 Kxg7
17.b3 Rb6 18.Qa4 Rb4 19.Qxa7+ Rf7 20.Qxc5 Qb8 21.Qd4 Nb2 22.Bxb2 Rxd4 23.Rxd4 Kh7
24.Rad1 Ne8 25.b4 Rc7 26.Nd5 Ra7 27.a3 Qb5 28.Nc3 Qb6 29.a4 Bb3 30.a5 Qa6
31.R1d3 Bc4 32.Be4+ Kh8 33.Rxd6 Bxd3 34.Rxa6 Bxa6 35.Nb5+ Rg7 36.Bc6 Bxb5
37.Bxb5  1-0

[Event "World op"]
[Site "Philadelphia"]
[Date "1990.??.??"]
[Round "3"]
[White "Ivanov, Igor V"]
[Black "Christiansen, Larry Mark"]
[Result "1-0"]
[WhiteElo "2495"]
[BlackElo "2560"]

1.d4 Nf6 2.c4 c5 3.d5 b5 4.Nf3 g6 5.cxb5 a6 6.bxa6 Bxa6 7.Nc3 Bg7 8.g3 d6
9.e4 Bxf1 10.Kxf1 O-O 11.Kg2 Nbd7 12.h3 Ra6 13.Re1 Qa8 14.Qc2 Rb8 15.Rb1 Nb6
16.b3 Nfd7 17.a3 Nc8 18.Nd1 Rab6 19.Ne3 Qa6 20.a4 R6b7 21.Bd2 Ncb6 22.a5 Nc8
23.Nc4 Na7 24.Qd3 Nb5 25.b4 Nc7 26.Red1 cxb4 27.Be3 Bc3 28.Nfd2 Rc8 29.Rdc1 Ne8
30.Ne5 Qxd3 31.Nxd3 Rbb8 32.Nxb4 Bxb4 33.Rxc8 Rxc8 34.Rxb4 Ra8 35.Nc4 Nef6
36.Rb7 Kf8 37.Nb6 Nxb6 38.axb6 Re8 39.Rc7  1-0

[Event "World op"]
[Site "Philadelphia"]
[Date "1990.??.??"]
[Round "4"]
[White "Malaniuk, Vladimir P"]
[Black "Ivanov, Igor V"]
[Result "1/2-1/2"]
[WhiteElo "2505"]
[BlackElo "2495"]

1.d4 g6 2.e4 Bg7 3.Be2 d6 4.Nc3 Nf6 5.h4 c5 6.dxc5 Qa5 7.Kf1 Qxc5 8.Be3 Qb4
9.a3 Qa5 10.h5 Nc6 11.h6 Bf8 12.Nh3 Bxh3 13.Rxh3 e6 14.Bf4 a6 15.Bxd6 O-O-O
16.Rd3 Bxd6 17.Rxd6 Qe5 18.Rxd8+ Rxd8 19.Bd3 Qh2 20.f3 Ne5 21.Qe1 Qh1+ 22.Kf2 Qxh6
23.Rd1 g5 24.Be2 Qh4+ 25.Kf1 Rxd1 26.Bxd1 Qxe1+ 27.Kxe1 Nc4 28.Na4 Nd7 29.g3 b5
30.Be2 Nde5 31.f4 gxf4 32.gxf4 Nd7 33.Bxc4 bxc4 34.Kf2 Kc7  1/2-1/2

[Event "World op"]
[Site "Philadelphia"]
[Date "1990.??.??"]
[Round "5"]
[White "Ivanov, Igor V"]
[Black "Smirin, Ilia"]
[Result "0-1"]
[WhiteElo "2495"]
[BlackElo "2535"]

1.d4 Nf6 2.c4 g6 3.Nc3 Bg7 4.e4 d6 5.Be2 O-O 6.Nf3 e5 7.d5 Nbd7 8.O-O Nc5
9.Qc2 a5 10.Bg5 h6 11.Be3 b6 12.Nd2 Bg4 13.Qd1 h5 14.h3 Bd7 15.Qc2 Nh7 16.Nb3 Na6
17.Qd2 Qe7 18.Rae1 Bf6 19.Nc1 Bg5 20.Nd3 Bxe3 21.Qxe3 Qg5 22.Qxg5 Nxg5 23.Bd1 f5
24.f3 Nc5 25.Nxc5 bxc5 26.h4 Nh7 27.f4 Rae8 28.exf5 Rxf5 29.Bc2 Rxf4 30.Bxg6 Ref8
31.Ne4 Kg7 32.Bxh7 Kxh7 33.Rxf4 Rxf4 34.g3 Rf8 35.Rf1 Rxf1+ 36.Kxf1 Bf5 37.Ng5+ Kg6
38.Ke2 Bb1 39.a3 Ba2 40.Kd3 Kf5 41.Kc3 e4 42.Ne6 Kg4 43.Nxc7 Kxg3 44.Ne8 e3
45.Nxd6 Bb1  0-1

[Event "World op"]
[Site "Philadelphia"]
[Date "1990.??.??"]
[Round "6"]
[White "Ivanov, Igor V"]
[Black "Shabalov, Alexander"]
[Result "0-1"]
[WhiteElo "2495"]
[BlackElo "2465"]

1.d4 d5 2.c4 c6 3.Nc3 e5 4.cxd5 cxd5 5.e3 e4 6.Qb3 Nf6 7.Bd2 Nc6 8.Bb5 Be7
9.Nge2 O-O 10.Nf4 Na5 11.Qd1 Bg4 12.Be2 Bxe2 13.Qxe2 Rc8 14.O-O Nc4 15.Rab1 Qd7
16.Rfc1 g5 17.Nh3 h6 18.Be1 a6 19.b3 Nd6 20.Na4 Nf5 21.Kh1 Rc6 22.Rxc6 Qxc6
23.Ng1 Rc8 24.Bd2 Qb5 25.h3 h5 26.Nc5 b6 27.Nxa6 Qd3 28.Qxd3 exd3 29.Be1 Ne4
30.g4 hxg4 31.hxg4 Nh4 32.f3 d2 33.fxe4 Rc1  0-1

[Event "World op"]
[Site "Philadelphia"]
[Date "1990.??.??"]
[Round "6"]
[White "Castro Rojas, Oscar Humberto"]
[Black "Ivanov, Igor V"]
[Result "1-0"]
[WhiteElo "2320"]
[BlackElo "2495"]

1.e4 c5 2.Nc3 g6 3.g3 Bg7 4.d3 Nc6 5.Bg2 Rb8 6.f4 b5 7.Nf3 b4 8.Nd5 e6 9.Ne3 Nge7
10.O-O O-O 11.a3 a5 12.axb4 cxb4 13.f5 d5 14.fxg6 hxg6 15.Ng5 d4 16.Nc4 f6
17.Nh3 e5 18.Nf2 Be6 19.Bh3 f5 20.Bg5 Ra8 21.b3 Qc7 22.Bg2 Nc8 23.h4 Nd6
24.h5 Nf7 25.Nh3 Bxc4 26.hxg6 Nxg5 27.Nxg5 Bh6 28.Qh5 Bxg5 29.Qxg5 f4 30.dxc4 f3
31.Bxf3 Kg7 32.Bh5 Qe7 33.Qg4 Kh6 34.Rf7 Rxf7 35.gxf7 Qg5 36.Rf1 Qxg4 37.Bxg4 Kg7
38.Bd7 Ne7 39.c5 Kf8 40.Rf6 Kg7 41.f8=Q+ Rxf8 42.Rxf8 Kxf8 43.Kf2 Ng8 44.Ke2 Nf6
45.Bf5 Kg7 46.Kd3 Ne8 47.Kc4 Nc7 48.c6 Kf6 49.Bg4 Ke7 50.Kc5 Ne8 51.Be2 Nc7
52.Bc4  1-0

[Event "World op"]
[Site "Philadelphia"]
[Date "1990.??.??"]
[Round "7"]
[White "Janjgava, Lasha"]
[Black "Ivanov, Igor V"]
[Result "0-1"]
[WhiteElo "2455"]
[BlackElo "2495"]

1.d4 Nf6 2.c4 e6 3.Nf3 b6 4.g3 Ba6 5.b3 Bb4+ 6.Bd2 Be7 7.Bg2 c6 8.Bc3 d5
9.Ne5 Nfd7 10.Nxd7 Nxd7 11.Nd2 O-O 12.O-O b5 13.Re1 bxc4 14.bxc4 f5 15.Rb1 Qc8
16.Ba5 Nf6 17.Qa4 Ne4 18.Bxe4 dxe4 19.Bb4 c5 20.Ba3 Rf7 21.Bxc5 Bxc5 22.dxc5 Bb7
23.Nb3 e3 24.fxe3 e5 25.Rf1 f4 26.exf4 exf4 27.Rbd1 Qh3 28.c6 fxg3 29.hxg3 Qxg3+
30.Kh1 Qh4+ 31.Kg1 Qg5+ 32.Kh2 Qh6+ 33.Kg3 Bxc6 34.Qa5 Qg6+  0-1

[Event "California op"]
[Site "USA"]
[Date "1990.??.??"]
[Round "?"]
[White "Ivanov, Igor V"]
[Black "Lobo, Richard"]
[Result "1-0"]
[WhiteElo "2495"]
[BlackElo "2295"]

1.c4 Nf6 2.Nf3 e6 3.Nc3 Bb4 4.Qb3 c5 5.a3 Ba5 6.g3 Nc6 7.Bg2 O-O 8.O-O d5
9.d3 h6 10.e3 b6 11.Rd1 Bb7 12.cxd5 exd5 13.Ne2 Qe7 14.Qa4 a6 15.b4 cxb4
16.Ned4 Rfc8 17.Bb2 bxa3 18.Bxa3 Qd7 19.Bb2 b5 20.Qb3 Nxd4 21.Bxd4 Bd8 22.Rdb1 Ne8
23.Ne5 Qe6 24.Bf3 Nf6 25.Qb2 Be7 26.Kg2 Rc7 27.Ra2 Rac8 28.h3 Bc5 29.Ng4 Nxg4
30.hxg4 f6 31.Rh1 Qb6 32.Bxc5 Qxc5 33.Rh5 Rd8 34.Ra3 b4 35.Ra4 a5 36.Qa2 Qb6
37.Rxd5 Bxd5 38.Bxd5+ Kf8 39.Rxa5 Rc2 40.Qxc2 Qxa5 41.Ba2 Qa8+ 42.e4 Ke7
43.Qc4  1-0

[Event "USA op"]
[Site "USA"]
[Date "1990.??.??"]
[Round "?"]
[White "Christiansen, Larry Mark"]
[Black "Ivanov, Igor V"]
[Result "0-1"]
[WhiteElo "2560"]
[BlackElo "2495"]

1.e4 c5 2.Nf3 e6 3.d4 cxd4 4.Nxd4 Nf6 5.Nc3 Bb4 6.e5 Nd5 7.Qg4 O-O 8.Bh6 g6
9.Bxf8 Qxf8 10.a3 Bxc3+ 11.bxc3 Qc5 12.Qg3 Nxc3 13.Nb3 Qc7 14.Bd3 Nc6 15.Bxg6 hxg6
16.Qxc3 Qxe5+ 17.Qxe5 Nxe5 18.O-O d5 19.Nd4 Nc4 20.f4 Bd7 21.Rfb1 b6 22.a4 Rc8
23.Kf2 Nd2 24.Rb2 Ne4+ 25.Ke1 Rc4 26.Nb3 Bxa4 27.g3 a5 28.Rab1 Rc3 29.Ra1 Re3+
30.Kd1 d4 31.Nxd4 Rd3+ 32.Kc1 Rxd4 33.Rxb6 Rc4 34.Ra2 Nc3 35.Rab2 Nd5 36.Ra6 Nb4
37.Kd2  0-1

[Event "USA op"]
[Site "USA"]
[Date "1990.??.??"]
[Round "?"]
[White "Ivanov, Igor V"]
[Black "Browne, Walter S"]
[Result "1/2-1/2"]
[WhiteElo "2495"]
[BlackElo "2560"]

1.d4 Nf6 2.c4 e6 3.Nc3 Bb4 4.e3 c5 5.Bd3 Nc6 6.Ne2 cxd4 7.exd4 d5 8.cxd5 Nxd5
9.O-O O-O 10.a3 Bd6 11.Bc2 Qh4 12.f4 Nxc3 13.bxc3 Ne7 14.Rb1 b6 15.c4 Bb7
16.Rb3 Nf5 17.d5  1/2-1/2

[Event "USA op"]
[Site "USA"]
[Date "1990.??.??"]
[Round "?"]
[White "Ivanov, Igor V"]
[Black "Lein, Anatoly"]
[Result "1-0"]
[WhiteElo "2495"]
[BlackElo "2485"]

1.e4 e6 2.d4 d5 3.Nd2 c5 4.exd5 Qxd5 5.Ngf3 cxd4 6.Bc4 Qd6 7.O-O Nf6 8.Nb3 Nc6
9.Nbxd4 Nxd4 10.Nxd4 Bd7 11.c3 Rc8 12.Bb3 Qc7 13.Re1 Bc5 14.Bg5 O-O 15.Bxf6 gxf6
16.Re4 Rfd8 17.Qh5 Bxd4 18.Rxd4 Kf8 19.Qxh7 Ke7 20.Rad1 b5 21.Qd3 a5 22.a3 Bc6
23.Rxd8 Rxd8 24.Qxd8+ Qxd8 25.Rxd8 Kxd8 26.f3 Ke7 27.Kf2 f5 28.g3 e5 29.Ke3 f6
30.c4 b4 31.axb4 axb4 32.c5 Be8 33.h4 Bg6 34.Bd5 Kd7 35.f4 e4 36.Kd4 Bh5
37.Kc4  1-0

[Event "USA op"]
[Site "USA"]
[Date "1990.??.??"]
[Round "?"]
[White "Ivanov, Igor V"]
[Black "Masculo, Jose"]
[Result "1/2-1/2"]
[WhiteElo "2495"]
[BlackElo "2225"]

1.c4 c5 2.e4 Nc6 3.Nf3 e5 4.Nc3 d6 5.d3 g6 6.Nd5 Bg7 7.h4 h6 8.h5 g5 9.Be2 Nge7
10.Ne3 a6 11.Nd2 Nd4 12.Bg4 Be6 13.Rb1 b5 14.b3 O-O 15.Bb2 Qd7 16.Ndf1 Nc2+
17.Qxc2 Bxg4 18.Nxg4 Qxg4 19.Ne3 Qd7 20.Bc3 b4 21.Bb2 f5 22.Qe2 f4 23.Qg4 Qxg4
24.Nxg4 a5 25.Ra1 a4 26.bxa4 Rxa4 27.Kd2 Rfa8 28.a3 bxa3 29.Bc3 a2 30.Rhc1 Kf7
31.Rc2 Ke6 32.Rb2 Ng8 33.Rb7 R8a7 34.Rb6 R7a6 35.Rb7 Ra7  1/2-1/2

[Event "USA op"]
[Site "USA"]
[Date "1990.??.??"]
[Round "?"]
[White "Ivanov, Igor V"]
[Black "Smith, Arthur L"]
[Result "1-0"]
[WhiteElo "2495"]
[BlackElo "2275"]

1.c4 e6 2.Nf3 d5 3.d4 c5 4.cxd5 exd5 5.g3 Nc6 6.Bg2 Nf6 7.O-O Be7 8.Be3 cxd4
9.Nxd4 O-O 10.Nc3 Re8 11.Rc1 Bg4 12.h3 Nxd4 13.Bxd4 Be6 14.Qb3 Qd7 15.Kh2 Rac8
16.Rfd1 Ne4 17.Bxa7 Nxc3 18.Rxc3 Rxc3 19.bxc3 d4 20.c4 b5 21.Qxb5 Qc8 22.Rxd4 Bf6
23.Bb7  1-0

[Event "USA op"]
[Site "USA"]
[Date "1990.??.??"]
[Round "?"]
[White "Terrie, Henry L"]
[Black "Ivanov, Igor V"]
[Result "1/2-1/2"]
[WhiteElo "2230"]
[BlackElo "2495"]

1.c4 g6 2.Nc3 Bg7 3.d4 c5 4.e3 Nf6 5.Nf3 O-O 6.dxc5 Na6 7.Be2 Nxc5 8.O-O d6
9.Nd4 a6 10.b4 Ncd7 11.Bb2 Nb6 12.Na4 a5 13.a3 Bd7 14.Nxb6 Qxb6 15.Qb3 axb4
16.axb4 Ne4 17.Rfd1 Nc5 18.bxc5 Qxb3 19.Nxb3 Bxb2 20.Rxa8 Rxa8 21.cxd6 exd6
22.Rxd6 Bc6 23.Bf3 Be5 24.Rd3 Ba4 25.g3 Rc8 26.c5 Rc7 27.Na5 Rxc5 28.Nxb7 Rc1+
29.Kg2 Bb5 30.Rd1 Rxd1 31.Bxd1 Bc6+ 32.Bf3 Bxb7 33.Bxb7 f5 34.f4  1/2-1/2

[Event "USA op"]
[Site "USA"]
[Date "1990.??.??"]
[Round "?"]
[White "Weeramantry, Sunil"]
[Black "Ivanov, Igor V"]
[Result "0-1"]
[WhiteElo "2260"]
[BlackElo "2495"]

1.e4 c5 2.Nc3 Nc6 3.f4 g6 4.Nf3 Bg7 5.Bc4 d6 6.Bb5 Nh6 7.O-O O-O 8.Bxc6 bxc6
9.d3 Rb8 10.Qe1 f5 11.e5 Nf7 12.Kh1 Qd7 13.b3 Qe6 14.Na4 g5 15.Bb2 g4 16.Nd2 dxe5
17.Qe2 Rb4 18.Rae1 Qh6 19.fxe5 Ng5 20.Nxc5 g3 21.h3 Rh4 22.Nf3 Rxh3+ 23.gxh3 Nxh3
24.Nh2 f4 25.Qg2 Ng5 26.Rxf4 Rxf4 27.Qxg3 Rg4 28.Qe3 Rh4 29.Re2 Rh3 30.Qf4 Rf3
31.Qc1 Qh3 32.Qxg5 Rf1+ 33.Qg1 Rxg1+ 34.Kxg1 Bg4 35.Nxg4 Qxg4+ 36.Rg2 Qd1+
37.Kh2 Kh8 38.Ne6 Qh5+ 39.Kg1 Bxe5 40.Bxe5+  0-1

[Event "National op"]
[Site "Chicago"]
[Date "1991.??.??"]
[Round "3"]
[White "Yoos, John C"]
[Black "Ivanov, Igor V"]
[Result "1/2-1/2"]
[WhiteElo "2220"]
[BlackElo "2450"]

1.e4 c5 2.Nf3 e6 3.d4 cxd4 4.Nxd4 Nc6 5.Nb5 d6 6.c4 Nf6 7.N5c3 Be7 8.Be2 O-O
9.Be3 b6 10.O-O Bb7 11.f4 d5 12.e5 d4 13.exf6 Bxf6 14.Bd2 dxc3 15.Bxc3 Nd4
16.Bd3 Rc8 17.Nd2 Nf5 18.Bxf5 Bxc3 19.Bxh7+ Kxh7 20.Qc2+ Kg8 21.Qxc3 b5 22.b3 Qb6+
23.Kh1 Rfd8 24.Rac1 Rd4 25.Qe3 e5 26.Nf3 Bxf3 27.Qxf3 e4 28.Qg4 Qc6 29.f5 bxc4
30.f6 g6 31.Qh3 Qe8 32.Qh6 Qf8 33.Qe3 Qd6 34.Qh6  1/2-1/2

[Event "National op"]
[Site "Chicago"]
[Date "1991.??.??"]
[Round "4"]
[White "Ivanov, Igor V"]
[Black "Schiller, Eric"]
[Result "1-0"]
[WhiteElo "2450"]
[BlackElo "2255"]

1.d4 d5 2.c4 Nc6 3.e3 e5 4.cxd5 Qxd5 5.Nc3 Bb4 6.Bd2 Bxc3 7.bxc3 exd4 8.cxd4 Nf6
9.Nf3 O-O 10.Be2 Ne4 11.O-O Bg4 12.h3 Bh5 13.Rb1 Qxa2 14.g4 Bg6 15.Rxb7 Rfc8
16.Qc1 Qd5 17.Rb5 Qd7 18.d5 Nd8 19.Ne5 Qe7 20.Nxg6 hxg6 21.Bf3 Nf6 22.Ra5 Nb7
23.Ra6 Ne4 24.Bg2 Nbd6 25.Bb4 Rab8 26.Ba3 Qe5 27.Qc2 Nf6 28.Rd1 Rb6 29.Rxa7 Nfe8
30.Bc1 Rcb8 31.Ra4 f5 32.Ba3 Nf6 33.Qxc7 Nfe8 34.Qc2 Rc8 35.Qa2 Kh7 36.gxf5 Qxf5
37.Qe2 Rc2 38.Qf3 Nf6 39.Qg3 Nfe4 40.Bxe4 Nxe4 41.Qh4+ Kg8 42.Rxe4  1-0

[Event "National op"]
[Site "Chicago"]
[Date "1991.??.??"]
[Round "5"]
[White "Pelts, Peter"]
[Black "Ivanov, Igor V"]
[Result "0-1"]
[WhiteElo "2275"]
[BlackElo "2450"]

1.d4 Nf6 2.Nf3 d6 3.c4 g6 4.Nc3 Bg7 5.e4 O-O 6.Be2 Bg4 7.O-O Nfd7 8.Be3 Nc6
9.d5 Bxf3 10.Bxf3 Na5 11.Be2 Bxc3 12.bxc3 e5 13.dxe6 fxe6 14.c5 Nxc5 15.e5 b6
16.exd6 cxd6 17.Bf3 Rc8 18.Re1 Re8 19.Bf4 Nc4 20.Qd4 d5 21.Bh6 Rc7 22.Rad1 Nd6
23.Bg4 Rf7 24.Bf4 Nb5 25.Qd2 Nxc3 26.Be3 N5e4 27.Qd4 e5 28.Qd3 d4 29.Bf3 Nxd1
30.Rxd1 Nc5  0-1

[Event "National op"]
[Site "Chicago"]
[Date "1991.??.??"]
[Round "6"]
[White "Ivanov, Igor V"]
[Black "Browne, Walter S"]
[Result "0-1"]
[WhiteElo "2450"]
[BlackElo "2520"]

1.d4 Nf6 2.c4 e6 3.Nf3 b6 4.e3 Bb7 5.Bd3 Bb4+ 6.Bd2 a5 7.Nc3 O-O 8.a3 Bxc3
9.Bxc3 d6 10.O-O Nbd7 11.b4 Ne4 12.Bxe4 Bxe4 13.Qe2 axb4 14.axb4 f5 15.Nd2 Nf6
16.f3 Bb7 17.Rxa8 Bxa8 18.Ra1 b5 19.cxb5 Nd5 20.Nb1 Qf6 21.Ra7 Qg6 22.Bd2 Nxe3
23.Bxe3 f4 24.Nd2 fxe3 25.Qxe3 Qc2 26.b6 Bd5 27.bxc7 Qc6 28.Ne4 Qb6 29.Nc3 Qxa7
30.Nxd5 Qa1+ 31.Kf2 Qa2+  0-1

[Event "Lloyds Bank op"]
[Site "London"]
[Date "1991.??.??"]
[Round "3"]
[White "Harley, Andrew"]
[Black "Ivanov, Igor V"]
[Result "0-1"]
[WhiteElo "2270"]
[BlackElo "2450"]

1.e4 c5 2.c3 e6 3.d4 d5 4.exd5 exd5 5.Nf3 Nf6 6.Be2 c4 7.b3 cxb3 8.axb3 Bd6
9.O-O Nc6 10.Bg5 h6 11.Bh4 Be6 12.Nbd2 g5 13.Bg3 Bxg3 14.hxg3 Ng4 15.Re1 Qf6
16.Bb5 Kf8 17.Bxc6 bxc6 18.Nf1 h5 19.Qd2 Rg8 20.Ra6 Bc8 21.Ra2 h4 22.Qe2 hxg3
23.Nxg3 Rh8 24.Qe8+ Kg7 25.Qe7 a6 26.b4 Be6 27.Qxf6+ Kxf6 28.Rea1 Bc8 29.Ne2 Ra7
30.Nc1 Kg6 31.Nd2 f6 32.f3 Ne3 33.Nd3 Re7 34.Re1 Rhe8 35.Nc5 g4 36.fxg4 Nxg4
37.Rxe7 Rxe7 38.Nf3 Re3 39.Rc2 Kf5 40.Nb3 Kf4 41.Nc1 Ke4 42.Nd2+ Kf5 43.Nf3 Kg6
44.Ne2 Bf5 45.Nf4+ Kh6 46.Rc1 Be4 47.Nh2 Nxh2 48.Kxh2 Kg5 49.Ne6+ Kg4 50.Nc5 f5
51.c4 f4 52.Nxe4 Rxe4 53.cxd5 cxd5 54.Rc6 Rxd4 55.Rxa6 Rxb4 56.Rd6 Rd4 57.Kg1 Rd1+
58.Kf2 Rd2+ 59.Ke1 Rxg2 60.Rxd5 Kg3 61.Kf1 Rc2 62.Rf5 Kf3 63.Ke1 Rc1+ 64.Kd2 Ra1
65.Rf8 Rf1 66.Rf7 Kg2 67.Rg7+ Kf2 68.Rf7 f3 69.Rf8 Ra1 70.Rf7 Ra2+ 71.Kd1 Kg2
72.Rg7+ Kf1 73.Rf7 f2 74.Rf8 Ra1+ 75.Kd2 Kg2  0-1

[Event "Lloyds Bank op"]
[Site "London"]
[Date "1991.??.??"]
[Round "7"]
[White "Ivanov, Igor V"]
[Black "Kumaran, Dharshan"]
[Result "0-1"]
[WhiteElo "2450"]
[BlackElo "2330"]

1.c4 c5 2.Nf3 Nf6 3.d4 cxd4 4.Nxd4 e5 5.Nb5 d5 6.cxd5 Bb4+ 7.N1c3 O-O 8.Qb3 Na6
9.Bd2 Bf5 10.g3 Ne4 11.Rd1 Rc8 12.Nxe4 Bxe4 13.Bxb4 Bc2 14.Qa3 Nxb4 15.Qxb4 Bxd1
16.Bg2 Qb6 17.a3 a5 18.Qd2 Qxb5 19.Qxd1 Qxb2 20.O-O Qxa3 21.Bh3 Rcd8 22.e4 b5
23.Qh5 Qd6 24.Bf5 g6 25.Qg5 h6 26.Qg4 Kh7 27.Rc1 gxf5 28.Qxf5+ Qg6 29.Qh3 a4
30.Rc6 Rd6  0-1

[Event "Lloyds Bank op"]
[Site "London"]
[Date "1991.??.??"]
[Round "9"]
[White "Shabalov, Alexander"]
[Black "Ivanov, Igor V"]
[Result "1-0"]
[WhiteElo "2535"]
[BlackElo "2450"]

1.e4 e5 2.Nf3 Nc6 3.Bb5 a6 4.Ba4 Nf6 5.O-O Be7 6.Bxc6 dxc6 7.Qe1 Nd7 8.b3 c5
9.Bb2 f6 10.Nh4 O-O 11.Nc3 g6 12.f4 exf4 13.Nd5 Bd6 14.Nxf4 Ne5 15.Qg3 g5
16.Nf5 Bxf5 17.exf5 Nc6 18.h4 h6 19.Qg4 Bxf4 20.Rxf4 Qd7 21.hxg5 hxg5 22.Re4 Rf7
23.Rae1 Raf8 24.R1e3 Rh7 25.Rd3 Qg7 26.Qe2 Rh6 27.Re8 Qf7 28.Rde3 Rxe8 29.Rxe8+ Kh7
30.Re6 Qh5 31.Qxh5 Rxh5 32.Rxf6 g4 33.Rf7+ Kh6 34.d3 Kg5 35.g3 Rh3 36.Bc1+  1-0

[Event "Lloyds Bank op"]
[Site "London"]
[Date "1991.??.??"]
[Round "10"]
[White "Ivanov, Igor V"]
[Black "Cavendish, James"]
[Result "1-0"]
[WhiteElo "2450"]
[BlackElo "2310"]

1.c4 f5 2.Nf3 Nf6 3.g3 d6 4.d4 e6 5.Bg2 Be7 6.O-O O-O 7.Nc3 Qe8 8.b4 Ne4
9.Bb2 Bf6 10.Nxe4 fxe4 11.Nd2 d5 12.Qb3 c6 13.f3 Bg5 14.Rad1 Nd7 15.cxd5 cxd5
16.fxe4 Nf6 17.e5 Ng4 18.Rxf8+ Qxf8 19.Bf3 Ne3 20.Rc1 Nc4 21.Rxc4 dxc4 22.Nxc4 Bd7
23.Nd6 Be7 24.d5 Bxd6 25.dxe6 Bxb4 26.exd7+ Kh8 27.e6 Qc5+ 28.Kg2 Rf8 29.Qd3 Qe7
30.h4 Bd6 31.h5 Qxe6 32.Qe4 Qh6 33.Qh4 Be7 34.Qxe7 Qc1 35.Qxg7+  1-0

[Event "USA-op Los Angeles"]
[Site "Los Angeles"]
[Date "1991.??.??"]
[Round "?"]
[White "Peters, John A"]
[Black "Ivanov, Igor V"]
[Result "0-1"]
[WhiteElo "2485"]
[BlackElo "2450"]

1.e4 c6 2.d4 g6 3.c3 Bg7 4.Nf3 d5 5.Nbd2 Nd7 6.Bd3 e6 7.O-O Ne7 8.Re1 O-O
9.e5 c5 10.dxc5 Nc6 11.Nb3 Ndxe5 12.Nxe5 Nxe5 13.Bf4 Nxd3 14.Qxd3 Bd7 15.Bd6 Re8
16.Qg3 Rc8 17.Rad1 b6 18.Qf4 a5 19.cxb6 Qxb6 20.Ba3 Bb5 21.Qe3 Qxe3 22.fxe3 a4
23.Nc1 Red8 24.Be7 Rd7 25.Bb4 f5 26.Nd3 Kf7 27.a3 Bxd3 28.Rxd3 Rc4 29.Rf1 e5
30.Kf2 Ke6 31.h3 h5 32.Ke2 g5 33.Rh1 f4 34.Kf2 e4 35.Rdd1 Rf7 36.Rhf1 f3
37.g4 Be5 38.Rh1 Rh7 39.Rdg1 hxg4 40.hxg4 Rh4 41.Bf8 Rc8 42.Bh6 Rb8 43.b4 axb3
44.Bxg5 Rxh1 45.Rxh1 b2 46.Rb1 Bxc3  0-1

[Event "USA-op Los Angeles"]
[Site "Los Angeles"]
[Date "1991.??.??"]
[Round "?"]
[White "Kraai, Jesse"]
[Black "Ivanov, Igor V"]
[Result "0-1"]
[WhiteElo "2290"]
[BlackElo "2450"]

1.d4 Nf6 2.c4 g6 3.Nc3 Bg7 4.e4 d6 5.Nf3 O-O 6.Be2 Bg4 7.O-O Nc6 8.Be3 Nd7
9.d5 Bxf3 10.Bxf3 Na5 11.Be2 Bxc3 12.bxc3 e5 13.g3 Nc5 14.Qc2 Qd7 15.f4 f6
16.Bxc5 dxc5 17.Kg2 Rae8 18.h4 Re7 19.f5 Rg7 20.Rf3 g5 21.h5 g4 22.Rff1 Rg5
23.Rh1 Kh8 24.h6 b6 25.Rh4 Rfg8 26.Qd1 Nb7 27.Qc2 Nd6 28.a4 a6 29.Rb1 Rb8
30.Bd3 Rgg8 31.Be2 Rb7 32.Rhh1 Rgb8 33.Rh4 Rg8 34.Rhh1 Qf7 35.Rh4 Qe8 36.Kf2 b5
37.axb5 axb5 38.cxb5 c4 39.Rxg4 Rxg4 40.Bxg4 Qf8 41.Bf3 Qxh6 42.Rh1 Qf8 43.Bh5 Kg8
44.Rb1 Qa8 45.Bf3 Qa3 46.Be2 Rxb5 47.Rxb5 Nxb5 48.Kg2 Nd6 49.Kf3 Kg7 50.Qd2 Qa1
51.Bd1 Qb1 52.Qc2 Qxc2 53.Bxc2 Nb5 54.Bd1 Nxc3 55.Be2 Nb1 56.Ke3 c3 57.Bd3 Na3
58.Ke2 Kh6 59.Kd1 Kg5 60.Be2  0-1

[Event "USA-op Los Angeles"]
[Site "Los Angeles"]
[Date "1991.??.??"]
[Round "?"]
[White "Akopian, Vladimir"]
[Black "Ivanov, Igor V"]
[Result "1-0"]
[WhiteElo "2590"]
[BlackElo "2450"]

1.d4 Nf6 2.c4 c6 3.Nf3 d5 4.Nc3 dxc4 5.e3 b5 6.a4 b4 7.Nb1 e6 8.Bxc4 Bb7
9.O-O Nbd7 10.a5 Rc8 11.Nbd2 c5 12.b3 g6 13.dxc5 Rxc5 14.a6 Ba8 15.Bb2 Bd6
16.Re1 O-O 17.Bf1 Rh5 18.h3 Nc5 19.Nc4 Be7 20.Nfe5 Qc7 21.Bd4 Nfe4 22.Qc2 f6
23.Ng4 e5 24.Bb2 Ng5 25.Nd2 Rd8 26.f4 Nge4 27.Nxe4 Bxe4 28.Bc4+ Kf8 29.Qf2 Bd3
30.Rec1 exf4 31.Nxf6 Rf5 32.Nxh7+ Ke8 33.Bxd3 Rxd3 34.e4 Nxe4 35.Rxc7 Nxf2
36.Rxa7 Nxh3+ 37.Kf1 Bc5 38.Rc7 Ng5 39.Nxg5 Rxg5 40.a7 Bxa7 41.Raxa7 Rd1+
42.Ke2 Rd8  1-0

[Event "USA-op Los Angeles"]
[Site "Los Angeles"]
[Date "1991.??.??"]
[Round "?"]
[White "Ivanov, Igor V"]
[Black "Kudrin, Sergey"]
[Result "1-0"]
[WhiteElo "2450"]
[BlackElo "2530"]

1.d4 Nf6 2.c4 g6 3.Nc3 d5 4.cxd5 Nxd5 5.Bd2 Bg7 6.e4 Nb6 7.Be3 O-O 8.Nf3 Bg4
9.Be2 Bxf3 10.gxf3 e6 11.Qd2 Nc6 12.O-O-O Qe7 13.Bb5 Rfd8 14.Bxc6 bxc6 15.Qc2 Rab8
16.Ne2 Qb4 17.Rd3 Qc4 18.Rb3 e5 19.Rd1 exd4 20.Qxc4 Nxc4 21.Bxd4 Rxb3 22.axb3 Ne5
23.f4 Ng4 24.e5 Nxh2 25.Bxa7 Rxd1+ 26.Kxd1 f6 27.e6 f5 28.Bd4 Nf3 29.e7 Kf7
30.Bxg7 Kxe7 31.Nd4 Nxd4 32.Bxd4 h5 33.Ke2  1-0

[Event "USA-op Los Angeles"]
[Site "Los Angeles"]
[Date "1991.??.??"]
[Round "?"]
[White "Ivanov, Igor V"]
[Black "Polovodin, Igor A"]
[Result "1/2-1/2"]
[WhiteElo "2450"]
[BlackElo "2455"]

1.e4 e5 2.Nf3 Nc6 3.Bb5 a6 4.Bxc6 dxc6 5.O-O Qd6 6.d3 Ne7 7.Nbd2 Ng6 8.Nc4 Qe6
9.b3 c5 10.Ng5 Qg4 11.Qxg4 Bxg4 12.h3 Bd7 13.a4 f6 14.Nf3 b6 15.Kh2 Bd6 16.g3 O-O
17.Bd2 Ne7 18.Bc3 Nc6 19.Nxd6 cxd6 20.Nd2 b5 21.axb5 axb5 22.f4 Nd4 23.Bxd4 cxd4
24.Nf3 Rfc8 25.Rxa8 Rxa8 26.g4 Ra2 27.Rf2 Be6 28.Kg3 h6 29.h4 Bf7 30.h5 Ra1
31.Nh4 Be6 32.Nf5 Bxf5 33.gxf5 Kf7 34.fxe5 fxe5 35.Kf3 b4 36.Rg2 Rc1 37.Rg6 Rxc2
38.Rxd6 Rd2 39.Rd7+ Kf8 40.Kg4 Rxd3 41.f6 gxf6 42.Kf5 Rxb3 43.Kxf6 Ke8 44.Rd5 d3
45.Kxe5 Rc3 46.Kf4 b3 47.Ke3 Ke7 48.Rb5 Rc2 49.Rxb3 Rh2 50.Rb7+ Kd6  1/2-1/2

[Event "USA-op Los Angeles"]
[Site "Los Angeles"]
[Date "1991.??.??"]
[Round "?"]
[White "Brooks, Michael A"]
[Black "Ivanov, Igor V"]
[Result "0-1"]
[WhiteElo "2455"]
[BlackElo "2450"]

1.e4 e5 2.Nf3 Nc6 3.Bb5 a6 4.Ba4 d6 5.Bxc6+ bxc6 6.d4 f6 7.Nc3 g6 8.Qd3 Bg7
9.Qc4 Qd7 10.O-O Ne7 11.Rd1 Qe6 12.d5 Qf7 13.Qa4 Bb7 14.dxc6 Nxc6 15.Nd5 Rb8
16.Rd3 Qd7 17.Rc3 Rf8 18.Be3 Rf7 19.Rb3 Kf8 20.c4 Nd8 21.Qxd7 Rxd7 22.c5 dxc5
23.Bxc5+ Kf7 24.Be3 Rc8 25.Nc3 Bf8 26.Nd2 Ba8 27.Nc4 Ne6 28.Rc1 Rcd8 29.f3 Rd3
30.Ne2 Rxb3 31.axb3 Rd3 32.Rc3 Rd1+ 33.Kf2 Bb4 34.Rc1 Rd3 35.Nc3 Rd8 36.Na2 Be7
37.Na5 f5 38.exf5 gxf5 39.Ke2 c5 40.Nc4 Bf6 41.Nb6 Bc6 42.Bxc5 Bb5+ 43.Ke1 Nf4
44.Nb4 Nxg2+ 45.Kf2 Rd2+ 46.Kg3 Nf4 47.Rc2 Nh5+  0-1

[Event "New York op"]
[Site "New York"]
[Date "1991.??.??"]
[Round "2"]
[White "Markzon, Gregory"]
[Black "Ivanov, Igor V"]
[Result "0-1"]
[WhiteElo "2235"]
[BlackElo "2450"]

1.e4 c5 2.Nf3 d6 3.d4 cxd4 4.Nxd4 Nf6 5.Nc3 Nc6 6.Bg5 Qa5 7.Bb5 Bd7 8.Nb3 Qc7
9.O-O e6 10.Bxf6 gxf6 11.Qh5 a6 12.Bd3 Be7 13.f4 O-O-O 14.Rae1 Rdg8 15.Nd5 Qd8
16.Nxe7+ Qxe7 17.Nd2 Kb8 18.Nc4 Bc8 19.Ne3 Rg7 20.c3 Rhg8 21.Kh1 Qf8 22.b4 Rg6
23.a4 Qg7 24.Qe2 Rh6 25.Rf3 f5 26.b5 fxe4 27.Bxe4 axb5 28.axb5 Na5 29.Qf2 f5
30.Bb1 b6 31.Nf1 Qc7 32.Ba2 Nb7 33.Ne3 Rhg6 34.Rg3 Qc5 35.Rxg6 Rxg6 36.c4 Na5
37.Qd2 Bb7 38.Re2 Be4 39.Qc3 Qc7 40.Nf1 Nb7 41.Ng3 Nc5 42.Nxe4 fxe4 43.Bb1 d5
44.Qh8+ Qc8 45.Qxh7 Rf6 46.g3 Qf8 47.Qh3 e5 48.cxd5 exf4 49.gxf4 Rxf4 50.Re1 Rf3
51.Qg2 Kc7 52.Kg1 Qf6 53.Qg8 Rf5 54.Qg3+ Kd7 55.h4 Qd4+ 56.Qe3 Qg7+ 57.Kh2 Rf3  0-1